| 000 | 00941nmc a2200337 a 4500 | ||
|---|---|---|---|
| 003 | AR-BaBNM | ||
| 005 | 20251128210342.0 | ||
| 008 | 220020s1994 ||||||||||||||000 | spa|| | ||
| 020 | _a84-7509-496-1 | ||
| 040 | _cAR-BaBNM | ||
| 100 | 1 | _aCassany, Daniel | |
| 245 | 1 | 0 |
_aDescribir el escribir _bcómo se aprende a escribir |
| 250 | _a4ª ed. | ||
| 260 |
_aBarcelona _bEdiciones Paidós Ibérica _c1994 |
||
| 300 | 0 |
_a194 p. _btablas |
|
| 490 | 0 |
_aPaidós Comunicación _vv. 37 |
|
| 504 | _aContiene bibliografía p. 189-194 | ||
| 650 | 4 | _aACTIVIDADES DE APRENDIZAJE | |
| 650 | 4 | _aMEJORA DE LA ESCRITURA | |
| 650 | 4 | _aESCRITURA | |
| 650 | 4 | _aENSEÑANZA DE LA ESCRITURA | |
| 650 | 4 | _aINICIACION EN LA LECTURA | |
| 650 | 4 | _aTEXTO | |
| 650 | 4 | _aREDACCION | |
| 650 | 4 | _aRECURSOS LITERARIOS | |
| 650 | 4 | _aGRAMATICA | |
| 653 | _aCOMPRENSION LECTORA | ||
| 700 | 1 |
_aComas, Pepa _etraductor |
|
| 942 | _cBK | ||
| 998 | _cRaquel | ||
| 999 |
_c15087 _d15087 |
||